|
|
|
|
| LEADER |
03151njm a2200685 i 4500 |
| 001 |
001898280 |
| 003 |
CZ BrMZK |
| 005 |
20241107110545.0 |
| 007 |
sd fsngnnmmned |
| 008 |
240607p20242024xr munng h n zxx |
| 015 |
|
|
|a cnb003600020
|
| 024 |
1 |
|
|a 099925434229
|
| 028 |
0 |
1 |
|a SU 4342-2
|b Supraphon
|
| 040 |
|
|
|a BOA001
|b cze
|e rda
|
| 041 |
0 |
|
|g cze
|g eng
|g ger
|
| 043 |
|
|
|a e-xr---
|
| 045 |
|
|
|a w-x-
|
| 047 |
|
|
|a ov
|a sp
|a po
|a zz
|
| 048 |
|
|
|a oa01
|
| 072 |
|
7 |
|a 785
|x Instrumentální hudba. Symfonická hudba. Hudba pro více nástrojů
|2 Konspekt
|9 9
|
| 080 |
|
|
|a 785.11
|2 MRF
|
| 080 |
|
|
|a 78.086.1
|2 MRF
|
| 080 |
|
|
|a 785.11.04
|2 MRF
|
| 080 |
|
|
|a 78.085.1
|2 MRF
|
| 080 |
|
|
|a (086.76)
|2 MRF
|
| 245 |
0 |
0 |
|a Music for Prague /
|c Smetana, Dvořák, Suk, Ostrčil
|
| 264 |
|
1 |
|a Praha :
|b Supraphon,
|c 2024
|
| 264 |
|
4 |
|c ℗2024
|
| 300 |
|
|
|a 1 CD audio (75:19) ;
|c 12 cm
|
| 306 |
|
|
|a 011519
|
| 336 |
|
|
|a hraná hudba
|b prm
|2 rdacontent
|
| 337 |
|
|
|a audio
|b s
|2 rdamedia
|
| 338 |
|
|
|a audiodisk
|b sd
|2 rdacarrier
|
| 344 |
|
|
|a digital
|b optical
|g stereo
|2 rda
|
| 347 |
|
|
|a audio soubor
|b CD audio
|2 rda
|
| 382 |
0 |
1 |
|a orchestr
|
| 500 |
|
|
|a Název z disku
|
| 500 |
|
|
|a Technika záznamu DDD
|
| 500 |
|
|
|a Informace o hudbě vícejazyčně (22 stran) v pouzdru
|
| 505 |
0 |
|
|a Fanfáry k zahájení Zemské jubilejní výstavy v Praze 1891 (2:21) ; Můj domov, op. 62. Předehra (1882) (9:36) / Antonín Dvořák -- Pohádka o Šemíku, symfonická báseň, op. 3 (1899) / Otakar Ostrčil (18:51) -- Pražský karneval, introdukce a polonéza (1883) (5:49) ; Vyšehrad, symfonická báseň (1874) (14:35) / Bedřich Smetana -- Praga, symfonická báseň, op. 26 (1904) / Josef Suk (23:28)
|
| 511 |
0 |
|
|a Pražský symfonický orchestr ; Tomáš Brauner, dirigent
|
| 518 |
|
|
|o Nahráno
|d 10. března 2021 až 8. září 2022
|p Smetanova síň Obecního domu, Praha
|
| 648 |
|
7 |
|a 19.-20. století
|7 ch757015
|2 czenas
|
| 650 |
0 |
7 |
|a orchestrální hudba
|7 ph123783
|z Česko
|y 19.-20. století
|2 czenas
|
| 655 |
|
7 |
|a předehry
|7 fd133191
|2 czenas
|
| 655 |
|
7 |
|a symfonické básně
|7 fd1148467
|2 czenas
|
| 655 |
|
7 |
|a polonézy
|7 fd993581
|2 czenas
|
| 655 |
|
7 |
|a kompaktní disky
|7 fd201991
|2 czenas
|
| 700 |
1 |
|
|a Brauner, Tomáš,
|d 1978-
|7 xx0089801
|4 cnd
|
| 700 |
1 |
2 |
|i Obsahuje (dílo):
|a Dvořák, Antonín,
|d 1841-1904.
|t Fanfáry,
|m trubky (4), tympány,
|n B. 167
|7 aun20201082700
|
| 700 |
1 |
2 |
|i Obsahuje (dílo):
|a Dvořák, Antonín,
|d 1841-1904.
|t Josef Kajetán Tyl.
|p Můj domov
|7 aun2006372771
|
| 700 |
1 |
2 |
|i Obsahuje (dílo):
|a Ostrčil, Otakar,
|d 1879-1935.
|t Pohádka o Šemíku
|7 aun20241223098
|
| 700 |
1 |
2 |
|i Obsahuje (dílo):
|a Smetana, Bedřich,
|d 1824-1884.
|t Pražský karneval
|7 aun2008466630
|
| 700 |
1 |
2 |
|i Obsahuje (dílo):
|a Smetana, Bedřich,
|d 1824-1884.
|t Má vlast.
|p Vyšehrad
|7 aun2007422881
|
| 700 |
1 |
2 |
|i Obsahuje (dílo):
|a Suk, Josef,
|d 1874-1935.
|t Praga
|7 aun2006373537
|
| 710 |
2 |
|
|a Symfonický orchestr hl. m. Prahy FOK
|7 kn20010710320
|4 itr
|
| 910 |
|
|
|a BOA001
|b CDR-1526.299
|
| 990 |
|
|
|a AV
|
| 991 |
|
|
|b 202411
|
| 996 |
6 |
|
|b 2610971504
|c CDR-1526.299
|l MZK
|r Sklad / do 24 hodin
|n 0
|p p.v.
|w 001966897
|u 000010
|a 1
|e BOA001
|j MZK50
|s P
|